Aquaculture engineering
Đã lưu trong:
| Tác giả chính: | |
|---|---|
| Định dạng: | Sách |
| Ngôn ngữ: | Tiếng Anh |
| Được phát hành: |
Oxford
John Wiley and Sons Ltd.
2013
|
| Phiên bản: | 2a. ed |
| Những chủ đề: | |
| Các nhãn: |
Thêm thẻ
Không có thẻ, Là người đầu tiên thẻ bản ghi này!
|
MARC
| LEADER | 00000cam a2200000 a 4500 | ||
|---|---|---|---|
| 001 | UCE0797 | ||
| 003 | CL-VaPUC | ||
| 008 | 140307e20130000uk |||||||||||||||||eng|d | ||
| 020 | |a 9780470670859 | ||
| 082 | 0 | 4 | |a 639.8 |b LEK |2 21 |
| 100 | |a Lekang, Odd-Ivar |e author |9 573164 | ||
| 245 | 1 | 0 | |a Aquaculture engineering |
| 250 | |a 2a. ed | ||
| 300 | |a 415 p | ||
| 942 | |c BK | ||
| 945 | |d 20140307 11:03:00 |a dcastane | ||
| 260 | |a Oxford |b John Wiley and Sons Ltd. |c 2013 | ||
| 650 | 0 | |a Acuicultura |9 258883 | |
| 650 | 0 | |a Cultivo de peces |9 350529 | |
| 650 | 0 | |a Calidad del agua |9 261394 | |
| 650 | 0 | |a Alimentación de peces |9 436002 | |
| 583 | |a last modification |c 20140307 11:03:00 |k Rodrigo Vera | ||
| 999 | |c 354824 |d 354822 | ||
| 952 | |0 0 |1 0 |3 erd |4 0 |6 639_800000000000000_LEK_2013 |7 0 |8 CCM |9 461027 |a BIBCUR |b BIBCUR |i 5059836 |l 1 |o 639.8 LEK 2013 |p 5059836 |r 2025-04-22 |s 2024-10-16 |w 2019-11-23 |y BK_R |z Catalogado en:20140307 |k CIM | ||